Podnik a burza. 5.

Umiestnenie akcií na burze cenných papierov. Výhody a náklady spojené s umiestnením akcií na burze. Postup emitenta pri žiadosti o prijatie cenného papiera pre burzový obchod. Podmienky pre povolenie cenných papierov k obchodu na Pražskej burze cenných papierov. Náležitosti žiadosti a podmienky pre...

ver descrição completa

Na minha lista:
Detalhes bibliográficos
Autor principal: Pavlát, Vladislav
Formato: Capítulo de Livro
Idioma:tcheco
Assuntos:
Tags: Adicionar Tag
Sem tags, seja o primeiro a adicionar uma tag!

MARC

LEADER 00000naa a2200000 4500
001 r012568
005 20220826093210.6
041 0 |a cze 
044 |a CZ 
245 1 0 |a Podnik a burza. 5.  |c V. Pavlát 
520 |a Umiestnenie akcií na burze cenných papierov. Výhody a náklady spojené s umiestnením akcií na burze. Postup emitenta pri žiadosti o prijatie cenného papiera pre burzový obchod. Podmienky pre povolenie cenných papierov k obchodu na Pražskej burze cenných papierov. Náležitosti žiadosti a podmienky pre kotáciu. 
610 2 0 |a akcie 
610 2 0 |a burzy 
610 2 0 |a papiere cenné 
610 2 0 |a obchody burzové 
610 2 0 |a Praha 
100 1 |a Pavlát, Vladislav